The Ultimate X-Files Quiz 🎬 - Statistics

General Stats
  • This quiz has been taken 78 times
  • The average score is 12 of 30
Answer Stats
Hint Answer % Correct
How many episodes did Gillian Anderson write for the show? 1
100%
How old was Agent Mulder when his sister was abducted? 12
98%
What is agent Mulder's first name? Fox
98%
The Kill Switch episode takes place in which year? 1998
72%
What is agent Mulder's sister's name? Samantha
69%
Dana Scully's original profession was what? Doctor
67%
Who is the FBI Assistant Director in the show? Skinner
66%
How many Mythology DVD sets have been produced from the show? 4
61%
The Redrum' episode appeared during which season? 8
59%
David Duchovny served which role in addition to an actor? Writer
59%
How many episodes were in season 1 of the TV show? 24
57%
The secret government agency is known as what? Syndicate
52%
Agent Reyes was born in which country? Mexico
51%
Agent Mulder is part of which organization? FBI
49%
The Pilot of the show takes place in which US state? Oregon
48%
Who created the X-Files series? Carter
43%
The X-Files episode 'Unusual Suspects' is also the name of a what? Movie
38%
Which company produces an X-Files comic? DC
36%
The TV finale takes place in which US state? New Mexico
26%
The X-Files: Re-Opened' movie was released in which year? 2005
21%
What did agent Scully study in college? Physics
18%
The 5th Season began by airing which episode? Redux
16%
Who wrote the episode 'Drive'? Gilligan
15%
Who was the monster featured in Episode 1? Eugene Tooms
8%
The Agents work out of which part of the FBI? Headquarters
3%
Which show broke the X-Files record for longest running sci-fi series? Stargate
3%
Which UK Band composed the movie theme song? Unkle
3%
What does the tagline Amor Fati mean? Love fate
2%
Where did Agent Reyes attend college? Brown
0%
Which agent replaced Mulder after the 7th season of the TV show? Daggett
0%
No matching quizzes found
Score Distribution
Percent of People with Each Score
Percentile by Number Answered
Your Score History
You have not taken this quiz